000
002160000a22000970004500
100
1
_a
Fitzpatrick, Brenda
245
1
0
_a
Empowering women
300
_a
Núm 66 (2000), Páginas 14-15
773
0
_t
Together
942
_c
ANA
999
_c
57071
_d
57071